|
|
|
|
| LEADER |
00774nam a22002057a 4500 |
| 001 |
9665 |
| 003 |
BD-DhAAL |
| 005 |
20150108162519.0 |
| 008 |
150108s1984 bg ||||| |||| 00| 0 eng d |
| 040 |
|
|
|a BD-DhAAL
|c BD-DhAAL
|
| 082 |
|
|
|2 22
|a 305.4/2/095492
|
| 100 |
|
|
|a Salehuddin, Ahmed
|9 7234
|
| 245 |
|
|
|a A strategy of development for BRAC- Bangladesh rural advancement committee /
|c Ahmed Salehuddin
|
| 260 |
|
|
|a Dhaka :
|b Asian Institute of Bangladesh,
|c 1984
|
| 300 |
|
|
|a Different pages :
|c 28 cm.
|
| 541 |
|
|
|e 9665
|
| 650 |
|
|
|a BRAC (Bangladesh Rural Advancement Committee)
|9 7235
|
| 942 |
|
|
|2 ddc
|c BK
|
| 999 |
|
|
|c 33427
|d 33427
|
| 952 |
|
|
|0 0
|1 0
|2 ddc
|4 0
|6 305_420954920000000_SAL
|7 0
|9 44676
|a BRACUL
|b BRACUL
|c GEN
|d 2015-01-08
|l 0
|o 305.42095492 SAL
|p 3010009665
|r 2015-01-08
|t 1
|w 2015-01-08
|y BK
|